| 000 | 00498nam a2200169 a 4500 | ||
|---|---|---|---|
| 005 | 20140412111325.0 | ||
| 008 | 000818s19uu xx 00 eng d | ||
| 020 | _a0-590-96209-4 | ||
| 050 |
_aTR(PS E _bGo71 1995 |
||
| 100 | _aJorgensen, Gail | ||
| 245 |
_aGotcha! / _cwritten by Gail Jorgensen ; illustrated by Kerry Argent. |
||
| 260 |
_aNew York : _bScholastic Inc, _c1995. |
||
| 300 | _a1 v. (unp.) ; ill. | ||
| 650 | _aBear stories-Fiction | ||
| 650 | _aBirthday-Fiction | ||
| 999 |
_c104564 _d104564 |
||